Old Hollywood Actors - Picture Quiz - Statistics

General Stats
  • This quiz has been taken 943 times
  • The average score is 20 of 30
Answer Stats
Picture Answer % Correct
James Dean
92%
Humphrey Bogart
91%
Clark Gable
89%
Marlon Brando
88%
Cary Grant
85%
Fred Astaire
85%
James Stewart
83%
Sidney Poitier
79%
Frank Sinatra
78%
Gregory Peck
77%
Gene Kelly
68%
Kirk Douglas
67%
Charlie Chaplin
66%
John Wayne
66%
Mickey Rooney
65%
Jack Lemmon
63%
Spencer Tracy
63%
Burt Lancaster
60%
James Cagney
58%
Gary Cooper
55%
Laurence Olivier
54%
Robert Mitchum
51%
Henry Fonda
50%
Charlton Heston
49%
Rock Hudson
49%
Errol Flynn
48%
Jerry Lewis
46%
William Holden
44%
Buster Keaton
42%
Ernest Borgnine
38%
No matching quizzes found
Score Distribution
Percent of People with Each Score
Percentile by Number Answered
Your Score History
You have not taken this quiz